[Event "NED-ch U20 op"]
[Site "Borne"]
[Date "2019.08.10"]
[Round "9"]
[White "Merkon, Oseb"]
[Black "De Vries, Tobias"]
[Result "0-1"]
[WhiteElo "2013"]
[BlackElo "1868"]
[PlyCount "90"]
[EventDate "2019.08.05"]
[EventType "swiss"]
[EventRounds "9"]
[EventCountry "NED"]
[SourceTitle "CBM 191 Extra"]
[Source "ChessBase"]
[SourceDate "2019.09.30"]
[SourceVersion "1"]
[SourceVersionDate "2019.09.30"]
[SourceQuality "1"]

1. c4 Nf6 2. Nc3 d5 3. cxd5 Nxd5 4. d4 g6 5. e4 Nxc3 6. bxc3 Bg7 7. Bc4 0-0 8. Nf3 c5 9. 0-0 Nc6 10. Bb2 cxd4 11. Nxd4 Na5 12. Be2 b6 13. Qc2 Bb7 14. Nb3 Nc6 15. Rfd1 Qc7 16. Rac1 Bh6 17. Nd2 Rfd8 18. c4 Nd4 19. Bxd4 Rxd4 20. Bf3 Rc8 21. Nb3 Rxd1+ 22. Rxd1 Bf4 23. h3 Ba6 24. Be2 h5 25. g3 Be5 26. f4 Bd6 27. e5 Bc5+ 28. Kh2 Bb7 29. e6 Qc6 30. exf7+ Kxf7 31. Bd3 h4 32. gxh4 Be3 33. Rf1 Rd8 34. Nc1 Bxc1 35. Bxg6+ Qxg6 36. Rxc1 Be4 37. Qf2 Rg8 38. Rg1 Qxg1+ 39. Qxg1 Rxg1 40. Kxg1 Bd3 41. c5 bxc5 42. Kf2 Kg6 43. Ke3 c4 44. Kd4 Kh5 45. f5 Kxh4 0-1

[Event "NED-ch U20 op"]
[Site "Borne"]
[Date "2019.08.09"]
[Round "8"]
[White "De Vries, Tobias"]
[Black "Akulova, Alicia"]
[Result "1/2-1/2"]
[WhiteElo "1868"]
[BlackElo "1702"]
[PlyCount "44"]
[EventDate "2019.08.05"]
[EventType "swiss"]
[EventRounds "9"]
[EventCountry "NED"]
[SourceTitle "CBM 191 Extra"]
[Source "ChessBase"]
[SourceDate "2019.09.30"]
[SourceVersion "1"]
[SourceVersionDate "2019.09.30"]
[SourceQuality "1"]

1. Nf3 d5 2. g3 Nf6 3. Bg2 e6 4. 0-0 Be7 5. d4 b5 6. b3 Bb7 7. c4 bxc4 8. bxc4 dxc4 9. Qa4+ Nfd7 10. Na3 0-0 11. Nxc4 c5 12. Nfe5 Bxg2 13. Kxg2 cxd4 14. Nxd7 Qxd7 15. Qxd7 Nxd7 16. Rb1 Rac8 17. Rb7 Rfd8 18. Ba3 Bxa3 19. Nxa3 a6 20. Rfb1 Nc5 21. R7b6 Kf8 22. Rc1 Ke7 1/2-1/2